Sports Quiz

Random Sports or Country Quiz

Seeded Higher than USA (2014 World Cup) Quiz Stats

Quiz not verified by Sporcle

Challenge
Share
Tweet
Embed
Score 0/12 Timer 02:00
0 Plays Today
Answer % Correct
1. Spain
98.3%
2. Germany
97.8%
3. Argentina
96.5%
11. Brazil
95.9%
9. Italy
91.5%
8. Netherlands
91.3%
10. England
90.3%
6. Uruguay
85.3%
4. Colombia
83.4%
5. Belgium
83%
7. Switzerland
76.1%
12. Chile
70.6%

You're not logged in!

Compare scores with friends on all Sporcle quizzes.
Join for Free
OR
Log In

You Might Also Like...

Show Comments

Extras

Top Quizzes Today


Score Distribution

Your Account Isn't Verified!

In order to create a playlist on Sporcle, you need to verify the email address you used during registration. Go to your Sporcle Settings to finish the process.

Report this User

Report this user for behavior that violates our Community Guidelines.

Details: